Statistics for Countries that Had a Colony in the Gold Coast

Click here to take the quiz!

General Stats

  • This quiz has been taken 172 times
  • The average score is 5 of 7

Answer Stats

YearsColonyModern-day Country% Correct
1821-1957British Gold CoastUnited Kingdom
99%
1482-1642Portuguese Gold CoastPortugal
92%
1682-1721Brandenburger Gold Coast / Prussian Gold CoastGermany
85%
1598-1872Dutch Gold CoastNetherlands
83%
1658-1850Danish Gold CoastDenmark, Norway
75%
1650-1663Swedish Gold CoastSweden
72%
1651-1661Couronian Gold CoastLatvia
42%

Score Distribution

Percentile by Number Answered

Percent of People with Each Score

Your Score History

You have not taken this quiz